Quizzes
Events
Quiz Creation
Community
Videos
Private Events
Remove Ads
Sign In
Join for FREE
Feedback
Dark Mode
Quiz Categories
Sports
Geography
Music
Movies
Television
Just For Fun
Miscellaneous
History
Literature
Language
Science
Gaming
Entertainment
Religion
Holiday
For Kids
Quiz Lab
Recent
Popular Today
Quiz Kudos Today
Editor Picks
Curator Picks
Quizzes by...
Day
Popularity
Type
Ratings
Length
Year
Community
Subscriptions
Recent Discussions
Orange Saloon
Badges
Playlists
Quests
Create
Leaderboards
Showdown
Live 5
Trivia Bingo
Activity
Puzzle Library
Sporcle Events
Private Events
Virtual Trivia
Globe League
Become a Host
Pub Owners
SporcleCon
Opinionation
Our Games
Videos
Blog
Mobile Apps
Partnerships
Remove Ads and Go Orange
Feedback
Sports
Athletes
MLB
NBA
NHL
NFL
Soccer
Sports Teams
WWE
NCAA
Football
Premier League
Basketball
Baseball
Hockey
Golf
Tennis
Cricket
Rugby
Auto Racing
Olympics
World Cup
Sports
Athletes
MLB
NBA
NHL
NFL
Soccer
Sports Teams
WWE
NCAA
Football
Premier League
Basketball
Baseball
Hockey
Golf
Tennis
Cricket
Rugby
Auto Racing
Olympics
World Cup
Random Quiz
Search Sporcle
×
Quiz Lab
Quiz Lab
Sports
MLB
Type in answers that appear in a list
Type in answers that appear in a list
Classic
Best Score? Go Orange.
2001 Topps Baseball All-Stars Stats
Can you name the past, present and future All-Stars that appeared in the 2001 Topps Baseball Card set?
By
jaysee
25m
357 Questions
306 Plays
306 Plays
306 Plays
Comments
Comments
Give Quiz Kudos
Give Quiz Kudos
-
- Ratings
hide this ad
More Info
Replay
Link that replays current quiz
Next Quiz
Link to next quiz in quiz playlist
You Got
0%
They Got
Avg Score
58%
Avg Friend Score
Upgrade to see
Score Distribution
Jump to the score distribution portion of the page
Score
0/357
Timer
25:00
0
Plays Today
Card #
Player
% Correct
3T
Brad Ausmus
100%
340
Davey Johnson
100%
334
Buddy Bell
100%
783
Jackie Robinson
100%
101T
Tim Raines
100%
2
Chipper Jones
99.7%
57
Bobby Jones
99.7%
602
Andruw Jones
99.7%
678
Todd Jones
99.7%
1
Cal Ripken
97.7%
75
Randy Johnson
97.1%
143
Charles Johnson
97.1%
60
Pedro Martinez
96.4%
675
Edgar Martinez
96.4%
679
Tino Martinez
96.4%
690
Ramon Martinez
96.4%
146
Tom Glavine
95.8%
303
Mike Williams
95.8%
503
Matt Williams
95.8%
521
Bernie Williams
95.8%
648
Woody Williams
95.8%
150
Ivan Rodriguez
95.4%
200
Alex Rodriguez
95.4%
643
John Smoltz
95.4%
66T
Jimmy Rollins
95.2%
145T
Bob Boone
95.2%
242T
Jose Reyes
95.2%
247T
Albert Pujols
95.2%
381
Reggie Jackson
95.2%
385
Hank Aaron
95.2%
322
Joe Torre
95.2%
784
Roberto Clemente
95.2%
130T
Lee Smith
95.2%
119T
Bo Jackson
95.2%
112T
Jack Clark
95.2%
109T
Dwight Gooden
95.2%
106T
Ozzie Smith
95.2%
25
Juan Gonzalez
95.1%
352
Adrian Gonzalez
95.1%
564
Alex Gonzalez
95.1%
660
Greg Maddux
95.1%
674
Luis Gonzalez
95.1%
4
Garret Anderson
94.1%
15
Jim Thome
94.1%
669
Brady Anderson
94.1%
100
Derek Jeter
93.8%
170
Roger Clemens
93.5%
220
Tony Gwynn
93.2%
560
Mariano Rivera
93.2%
190
Livan Hernandez
92.8%
240
Frank Thomas
92.8%
308
Ramon Hernandez
92.8%
502
Roberto Hernandez
92.8%
580
Curt Schilling
92.8%
593
Ken Griffey, Jr.
92.8%
631
Jose Hernandez
92.8%
250
Craig Biggio
92.5%
407
Jeff Bagwell
92.2%
655
Larry Walker
92.2%
90
Manny Ramirez
91.9%
255
Todd Helton
91.9%
640
Freddy Garcia
91.5%
64
Carlos Lee
91.2%
497
Barry Bonds
91.2%
524
Derrek Lee
91.2%
300
Vladimir Guerrero
90.9%
363
Barry Zito
90.9%
421
Vernon Wells
90.9%
527
David Wells
90.9%
50
Mark McGwire
90.6%
85T
Ruben Sierra
90.5%
386
Joe Carter
90.5%
344
Felipe Alou
90.5%
339
Lou Piniella
90.5%
324
Mike Scioscia
90.5%
785
Nolan Ryan
90.5%
125T
Dennis Eckersley
90.5%
120T
Wally Joyner
90.5%
111T
Gary Carter
90.5%
107T
Tom Seaver
90.5%
175
Troy Glaus
90.2%
312
Sandy Alomar
89.9%
616
Roberto Alomar
89.9%
680
Carlos Beltran
89.9%
109
Jay Bell
89.6%
136
David Ortiz
89.6%
453
Russ Ortiz
89.6%
33
Mike Mussina
89.3%
697
Tim Hudson
89.3%
210
Jason Giambi
88.9%
433
Andy Pettitte
88.9%
160
Carlos Delgado
88.6%
706
Mike Piazza
88.3%
726
Ichiro Suzuki
87.9%
22
Dan Wilson
87.6%
44
Preston Wilson
87.6%
665
Nomar Garciaparra
87.6%
526
Vinny Castilla
87.3%
20
Shawn Green
87%
145
Gary Sheffield
87%
688
Sammy Sosa
87%
5
Robin Ventura
86.6%
185
Roy Halladay
86.6%
235
Greg Vaughn
86.6%
321
Mark Mulder
86.6%
485
Lance Berkman
86.6%
550
Jeff Kent
86.6%
621
Mo Vaughn
86.6%
645
Kevin Brown
86.3%
16T
Tom 'Flash' Gordon
85.7%
92T
Paul LoDuca
85.7%
380
Bill Mazeroski
85.7%
351
Dusty Baker
85.7%
788
Lou Brock
85.7%
127T
Joe Morgan
85.7%
124T
Willie Randolph
85.7%
30
Paul O'Neill
85.3%
140
Johnny Damon
85.3%
122
Paul Konerko
85%
Card #
Player
% Correct
370
Rafael Soriano
85%
478
Scott Rolen
85%
508
Alfonso Soriano
85%
63
Torii Hunter
84.7%
53
Eric Young
84.4%
198
Dmitri Young
84.4%
702
Jim Edmonds
84.4%
110
Fred McGriff
84%
166
Adrian Beltre
84%
72
Andres Galarraga
83.7%
120
Jorge Posada
83.7%
609
Dante Bichette
83.4%
626
Albert Belle
83.4%
650
Rafael Palmeiro
83.4%
24
Derek Lowe
83.1%
195
Barry Larkin
83.1%
10
Jermaine Dye
82.4%
65
David Cone
82.4%
155
Jason Kendall
82.4%
448
Kenny Lofton
82.1%
47
Chuck Finley
81.4%
79
Aaron Boone
81.4%
225
Bret Boone
81.4%
511
Steve Finley
81.4%
583
Javy Lopez
81.4%
620
Miguel Tejada
81.4%
732
Felipe Lopez
81.4%
67T
Shea Hillenbrand
81%
94T
Mark Wohlers
81%
98T
Adam Dunn
81%
383
Roger Maris
81%
791
Carlton Fisk
81%
137T
Jack Morris
81%
473
Brian Giles
80.8%
735
Marcus Giles
80.8%
491
David Justice
80.1%
265
Eric Davis
79.8%
516
Moises Alou
79.8%
125
Ken Caminiti
79.5%
154
Chuck Knoblauch
79.5%
148
Chris Carpenter
79.2%
254
Jose Vidro
79.2%
35
Jay Buhner
78.8%
80
Darin Erstad
78.8%
319
Rafael Furcal
78.8%
450
Jamie Moyer
78.5%
537
Magglio Ordonez
78.2%
61
Jose Canseco
77.9%
579
John Olerud
77.9%
664
Trevor Hoffman
77.9%
104
Will Clark
77.5%
556
Tony Clark
77.5%
623
Kerry Wood
77.5%
76
Richie Sexson
77.2%
363
CC Sabathia
76.9%
591
Omar Vizquel
76.9%
442
Rondell White
76.5%
632
Devon White
76.5%
672
Kevin Millwood
76.5%
70
John Franco
76.2%
24T
Jose Mesa
76.2%
146T
Larry Bowa
76.2%
147T
Bob Brenly
76.2%
235T
Justin Morneau
76.2%
379
Bobby Thomson
76.2%
331
Phil Garner
76.2%
330
Don Baylor
76.2%
782
Bucky Dent
76.2%
45
Ellis Burks
75.9%
244
Luis Castillo
75.9%
201
Hideo Nomo
75.6%
105
Rickey Henderson
75.2%
617
Edgar Renteria
75.2%
233
Mike Lowell
74.9%
320
Mark Grace
74.3%
608
Ryan Klesko
73.9%
285
Brad Radke
73.3%
482
Matt Morris
73%
38
Marquis Grissom
72.6%
290
Reggie Sanders
72.3%
727
Roy Oswalt
72%
532
Al Leiter
71.7%
209T
Ken Harvey
71.4%
214T
Hank Blalock
71.4%
345
Jim Fregosi
71.4%
103T
Dave Winfield
71.4%
245
Bartolo Colon
71.3%
317
Damian Miller
71.3%
487
Bobby Abreu
71.3%
142
Jason Schmidt
70.4%
414
Travis Fryman
70.4%
424
Chan Ho Park
70%
618
Jon Lieber
70%
415
Mike Cameron
69.7%
492
Ray Durham
69.7%
731
Carlos Pena
69.7%
701
Tim Wakefield
69.1%
598
Rich Aurilia
68.7%
530
Carlos Perez
68.4%
205
Edgardo Alfonzo
68.1%
661
Ron Gant
68.1%
180
Mike Hampton
67.4%
468
Billy Wagner
67.4%
552
Kenny Rogers
67.4%
543
Juan Guzman
67.1%
704
Cristian Guzman
67.1%
410
Dean Palmer
66.8%
443
Jeromy Burnitz
66.8%
44T
Roberto Kelly
66.7%
200T
Jayson Werth
66.7%
338
Larry Dierker
66.7%
325
Mike Hargrove
66.7%
95
Mike Sweeney
66.4%
272
Tony Womack
66.1%
570
Sean Casey
65.8%
315
Geoff Jenkins
65.1%
709
Bobby Bonilla
64.8%
16
Brian Jordan
64.2%
128
Ozzie Guillen
64.2%
Card #
Player
% Correct
683
Jeff Conine
63.8%
728
Jake Peavy
63.8%
84
Todd Hundley
63.5%
101
J.D. Drew
63.5%
495
Cliff Floyd
63.5%
9
Phil Nevin
63.2%
588
Ray Lankford
63.2%
96
John Wetteland
62.9%
260
Robb Nen
62.9%
607
Charles Nagy
62.9%
592
Mike Lieberthal
62.5%
68T
Ted Lilly
61.9%
78
Harold Baines
61.9%
138
Jeff Nelson
61.9%
545
Raul Mondesi
61.6%
12
Mike Stanton
60.9%
289
Darryl Kile
60.9%
419
Troy Percival
60.9%
17
Joe Girardi
60.3%
207
Fernando Vina
60.3%
582
Pat Hentgen
60.3%
40
Shane Reynolds
59.9%
227
Melvin Mora
59.3%
147
Jason Isringhausen
59%
176
Kevin Appier
59%
447
Eric Gagne
58.6%
457
Tony Batista
58.6%
99
John Burkett
58.3%
177
Walt Weiss
57.7%
165
Andy Benes
57.3%
342
Davey Lopes
57.1%
677
Benito Santiago
56.4%
362
Josh Hamilton
55.4%
606
Aaron Sele
55.4%
693
Denny Neagle
55%
364
Ben Sheets
54.7%
373
Joe Crede
54.7%
446
Javier Vazquez
54.7%
720
Kazuhiro Sasaki
54.4%
481
Carl Pavano
54.1%
135
Jeff Cirillo
53.1%
292
Joe Nathan
53.1%
37T
Kent Bottenfield
52.4%
280
Royce Clayton
52.1%
219
Raul Ibanez
51.8%
294
Francisco Cordero
50.8%
625
Wil Cordero
50.8%
513
Esteban Loaiza
50.2%
668
Justin Thompson
50.2%
51
Mark Loretta
49.8%
103
Rick Reed
49.8%
193
B.J. Surhoff
49.8%
173
Brad Penny
49.5%
221
Carl Everett
49.5%
696
Placido Polanco
49.5%
689
John Jaha
49.2%
206
Mark Grudzielanek
48.9%
102
Jose Offerman
48.5%
622
Jose Lima
48.2%
490
Damion Easley
47.6%
131
Randy Wolf
46.3%
425
Armando Benitez
46.3%
716
Ryan Dempster
45.9%
189
Steve Trachsel
45.6%
440
Randy Winn
44.6%
525
Ugueth Urbina
44.6%
572
Joe Mays
44%
276
Terry Mulholland
43.3%
470
Gary DiSarcina
43.3%
71
Mike Bordick
43%
313
Eddie Guardado
42.3%
376
Milton Bradley
42.3%
682
Bret Saberhagen
42.3%
213
Matt Lawton
42%
228
Danny Graves
42%
441
Wilson Alvarez
42%
630
Andy Ashby
42%
692
Eric Milton
41.7%
318
Darrin Fletcher
41.4%
284
Keith Foulke
40.7%
169
Pete Harnisch
40.4%
211
Mike Morgan
40.1%
247
Shawon Dunston
39.7%
31
Jeffrey Hammonds
39.4%
248
Rick Aguilera
38.4%
295
Gregg Jefferies
38.1%
216T
John Buck
38.1%
311
Bob Wickman
37.8%
437
Shawn Estes
37.8%
464
Jeff Shaw
37.5%
656
Paul Byrd
37.5%
750
Grady Sizemore
37.5%
238
Gil Meche
37.1%
566
Ed Sprague
37.1%
56
Arthur Rhodes
36.2%
230
James Baldwin
35.8%
58
Matt Clement
35.5%
657
Jason Bere
35.5%
584
Ben Grieve
34.9%
171
Scott Williamson
34.5%
418
Mickey Morandini
34.2%
119
Mike Stanley
33.9%
355
Adam Wainwright
33.9%
232
Jeff Zimmerman
32.2%
123
Mike Remlinger
31.9%
730
Michael Cuddyer
31.9%
277
Ron Belliard
31.6%
274
Jeff Brantley
30%
691
Rob Fick
28.3%
127
Paul Quantrill
28%
694
Ron Coomer
27%
283
Ricky Bottalico
26.7%
724
Rolando Arrojo
26.4%
528
Jason Marquis
25.4%
48
Dan Plesac
24.4%
430
Jose Rosado
24.1%
39
Shigetoshi Hasegawa
23.8%
653
Mark Redman
23.5%
102T
Juan Marichal
9.5%
Quiz Playlist
Details
Report
Send in Message
Add To Playlist
More Info:
Name the 357 past, present and future MLB All-Stars that appeared in the 2001 Topps Baseball Card regular issue and Traded sets. * = Hall of Fame.
Classic:
Type in answers that appear in a list
Quiz Source
Last Updated: Jul 9, 2023
Quiz Scoreboard
CHALLENGE
Sign Up to Join the Scoreboard
Show All
Scores
Hide
Comments
May contain spoilers
Recently Published
Decade Duel: World Leaders
by jenniferyan
History
4m
Alphabetical 'K' Countries by Flag Minefield
by ylime102
Geography
3m
Pick 6: Fruits
by JohnFran
Miscellaneous
15s
More to Explore
Quiz From the Vault
Featured Blog Post
15 Basketball Trivia Facts You Can Be March Mad About
hide this ad
You Might Also Like...
Tags
Baseball Quiz
MLB Quiz
2001
All-Star
Hall of Fame
Major League
Today's Top Quizzes in Sports
Browse Sports
hide this ad
Today's Top Quizzes in MLB
Browse MLB
Top Contributed Quizzes in Sports
1
Les joueurs à 100 buts en Ligue 1 Uber Eats
2
Pick 6: NFL Teams
3
2022 World Cup Stars
4
MLB 2 truths and a lie: Hall of Fame pitchers
5
Pick 6: Minor League Baseball
6
Millionaire: NBA Finals Edition
7
Click the 1998 NBA Draft
8
Criteria MLB: Left Handed Sluggers
9
Pick 6: Olympics
10
Pick 6: NFL WRs
Explore More
Trending Topics
Harry Potter
Anime
Kpop
Crossword
NBA
Disney
Marvel
Country
Puzzle
Soccer
NFL
Pokémon
The Office
WWE
Song
hide this ad
More By:
jaysee
Quiz
Plays
Rating
Category
Featured
Created
NBA All-Stars by Current Team
966,256
4.20
Sports
Feb 2, 2011
MLB Most Seasons with 20+ HR
56,983
4.50
Sports
Oct 8, 2013
Three-Word Bands Slot Machine III
37,033
4.32
Music
Nov 29, 2010
MLB - Opening Day All-Star Lineups
14,061
4.81
Sports
Dec 3, 2013
NFL - Top 5 Career Rushing Yards Per Draft
12,839
4.76
Sports
Nov 2, 2012
Go to Creator's Profile
Score Distribution
Quiz Creator Spotlight
jaysee
Follow
Send a Message
Quizzes Created
-
Created Quiz Play Count
-
More By This Creator
Popular Quizzes Today
1
Countries of Asia Without Outlines Minefield
2
Find the US States - No Outlines Minefield
3
Pick 6: Fruits
4
The Countries of the World
5
Alphabetical 'K' Countries by Flag Minefield
6
Find the Countries of Europe - No Outlines Minefield
7
US States
8
Find the US States
More Sports Quizzes
Anyone but Mickey Mantle
Quiz Lab
Trending Quizzes
Pick 6: Mountains
Pick 6: Harry Potter
Pick 6: Flags
Pick 6: NFL Teams
Pick 6: Movie Franchises
Recently Updated
Adaptations: Name the Title
pecheneg
NWSL Teams
pecheneg
Women's Final Four Teams by Year
bhenderson79
Presidents Quartet II
eogle
Anything But Clue(do)
eogle
Anything But Oceanian Capitals
eogle
Anything But 7
eogle
Anything But Thing
eogle
Word Ladder: February 29
pecheneg
Song Title Questions
pecheneg
Trending Topics
Disney
Crossword
Anime
Harry Potter
Marvel
Kpop
NBA
Soccer
Country
NFL
Song
The Office
Pokémon
Puzzle
WWE
Your Account Isn't Verified!
In order to create a playlist on Sporcle, you need to verify the email address you used during registration. Go to your
Sporcle Settings
to finish the process.
Report this User
Report this user for behavior that violates our
Community Guidelines
.
Details:
Send Report
Go to the Sporcle.com Mobile Site →
Comments